Quick Pick: 'D, E, F' Elements Quiz Stats

 Plays Quiz Updated Feb 28, 2018

Challenge
Share
Tweet
Embed
Score 0/10 Timer 01:00
6 Plays Today
% Correct
Dubnium
96.4%
Dysprosium
96.3%
Einsteinium
95.8%
Europium
95.5%
Erbium
94.3%
Francium
92%
Fluorine
90.1%
Fermium
88.3%
Darmstadtium
68.2%
Flerovium
63.8%

Today's Daily Dose

You're not logged in!

Compare scores with friends on all Sporcle quizzes.
OR
Log In

You Might Also Like...

Show Comments

Extras

Top Quizzes Today


Score Distribution

Your Account Isn't Verified!

In order to create a playlist on Sporcle, you need to verify the email address you used during registration. Go to your Sporcle Settings to finish the process.

Report this User

Report this user for behavior that violates our Community Guidelines.

Details: